000 00956nam a22003017a 4500
001 BR2016004020
003 BR-BrBNA
005 20230928104958.0
007 ta
008 230509b bl.||||| |||| 00| 0 por d
040 _aBR-BrBNA
_bpor
_cBiblioteca Nacional de Agricultura
041 _a(Por)
072 _aP33
090 _ P33 BR2016004020
100 1 _aPessoa, R.S.
110 1 _aUniversidade Federal de Lavras, MG (Brasil)
_0Tese ( Mestre em Tecnologias e Inovações Ambientais)
245 1 _aSolubilização de fontes alternativas de potássio pelos ácidos húmicos, cítrico e casca de café
260 3 _aLavras, MG (Brasil):
_c2014.
300 _a80 p.
500 _aSummaries (Eng, Por); Bibliography p. 39-43; 8 illus.; 13 tables
650 _aSOLUBILIZAÇÃO
650 _aSOLUBILIDADE
650 _aÁCIDO CÍTRICO
650 _aCASCA DE CAFÉ
650 _aSOLO
909 _a202309
_bLucia
_c55
_dLucia Elande
942 _cBK
999 _c82751
_d82751